All "Red (Taylor's Version)" Songs - Taylor Swift - Statistics

General Stats
  • This quiz has been taken 217 times
  • The average score is 20 of 29
Answer Stats
Hint Answer % Correct
2 Red (Taylor's Version)
95%
29 All Too Well (10 Minutes Version) (Taylor's Version) (From The Vault)
91%
5 All Too Well (Taylor's Version)
91%
8 We Are Never Ever Getting Back Together (Taylor's Version)
88%
6 22 (Taylor's Version)
87%
1 State Of Grace (Taylor's Version)
87%
22 Nothing New (feat. Phoebe Bridgers) (Taylor's Version) (From The Vault)
69%
3 Treacherous (Taylor's Version)
69%
16 Begin Again (Taylor's Version)
68%
25 I Bet You Think About Me (feat. Chris Stapleton) (Taylor's Version) (From The Vault)
68%
20 Ronan (Taylor's Version)
68%
9 Stay Stay Stay (Taylor's Version)
68%
21 Better Man (Taylor's Version) (From The Vault)
66%
27 Run (feat. Ed Sheeran) (Taylor's Version) (From The Vault)
66%
15 Starlight (Taylor's Version)
66%
14 Everything Has Changed (feat. Ed Sheeran) (Taylor's Version)
65%
11 Holy Ground (Taylor's Version)
65%
23 Babe (Taylor's Version) (From The Vault)
64%
24 Message In A Bottle (Taylor's Version) (From The Vault)
63%
19 Girl At Home (Taylor's Version)
61%
18 Come Back...Be Here (Taylor's Version)
60%
13 The Lucky One (Taylor's Version)
60%
26 Forever Winter (Taylor's Version) (From The Vault)
59%
12 Sad Beautiful Tragic (Taylor's Version)
57%
7 I Almost Do (Taylor's Version)
55%
10 The Last Time (feat. Gary Lightbody of Snow Patrol) (Taylor's Version)
55%
17 The Moment I Knew (Taylor's Version)
55%
28 The Very First Night (Taylor's Version) (From The Vault)
55%
4 I Knew You Were Trouble (Taylor's Version)
40%
No matching quizzes found
Score Distribution
Percent of People with Each Score
Percentile by Number Answered
Your Score History
You have not taken this quiz